Metod prostranstva sostojanij v teorii diskretnych linejnych sistem upravlenija

Gespeichert in:
Bibliographische Detailangaben
1. Verfasser: Strejc, V.
Format: Buch
Sprache:Russisch
Veröffentlicht: Moskva Nauka 1985
Ausgabe:1. izd.
Tags: Tag hinzufügen
Keine Tags, Fügen Sie das erste Tag hinzu!

MARC

LEADER 00000nam a2200000 4500
001 c022612
005 20221220081955.8
041 0 |a rus 
044 |a RU 
245 1 0 |a Metod prostranstva sostojanij v teorii diskretnych linejnych sistem upravlenija  |c V. Strejc 
250 |a 1. izd. 
264 1 |a Moskva  |b Nauka  |c 1985 
300 |a 293 s. 
100 1 |a Strejc, V.